000 00636nam a2200217Ia 4500
003 OSt
005 20241109104549.0
008 210719s1936 xx 000 0 und d
040 _cAL
041 _aeng
082 _a954.871 SALA
100 _aSALETORE (Bhasker Anand)
_9183649
245 _aAncient Karnataka Vol I: history of tuluva
260 _aPoona
_bOriental Books
_c1936
300 _avii,659
_bHB
440 _aPoona oriental series no.53
_v1
_9183650
650 _aSouth Kanara /South Canara
_9183651
650 _aKarnataka History
_9183652
906 _aAncient ; history ; Karnataka: ; of ; tuluva
942 _2ddc
_cBK
999 _c215128
_d215128